| 000 | 00540nam a22001817a 4500 | ||
|---|---|---|---|
| 005 | 20251108170556.0 | ||
| 008 | 250721s9999 xx 000 0 ara d | ||
| 082 | 1 | 4 | _aط/599.4/أشر |
| 100 | 1 | _aأشرف، وفاء | |
| 245 | 1 | 0 | _aالكلب / |
| 264 | 1 |
_aالقاهره : _bالدار المصرية اللبنانية، _c[19-]. |
|
| 300 | _a16ص : مص | ||
| 490 | 0 | _aاريد ان اعرف ؛ 5 | |
| 650 | 1 | 7 | _aالكلاب |
| 653 | _aأطفال مرحلة متوسطة (6- 9 سنوات) | ||
| 942 |
_2ddc _cBK |
||
| 999 |
_c43908 _d43908 |
||